000 00426nam a2200181Ia 4500
001 21184
005 20260306172900.0
008 260306t2017||||xx |||||||||||||| ||spa||
041 _aESP
082 _a344J
_bP26
100 _aPariona Pastrana, Josué
_eAUT
245 0 _aDoctrina jurisprudencial
260 _c2017
300 _a1036 páginas :
_c24 cm.
650 _aGEN
654 _aCDE
942 _cLIB
_dJUS
_fJUS
_2ddc
_n
999 _c21184
_d21184